Lasers in 3D printing and manufacturing / (Record no. 51742)

MARC details
000 -LEADER
fixed length control field 00667nam a2200229Ia 4500
005 - DATE AND TIME OF LATEST TRANSACTION
control field 20260429112001.0
008 - FIXED-LENGTH DATA ELEMENTS--GENERAL INFORMATION
fixed length control field 260429s9999||||xx |||||||||||||| ||und||
020 ## - INTERNATIONAL STANDARD BOOK NUMBER
International Standard Book Number 9798886131291
041 ## - LANGUAGE CODE
Language English
082 ## - DEWEY DECIMAL CLASSIFICATION NUMBER
Classification number 686.233
Item number CHU
100 ## - MAIN ENTRY--PERSONAL NAME
Personal name Chua, Chee Kai
245 #0 - TITLE STATEMENT
Title Lasers in 3D printing and manufacturing /
Statement of responsibility, etc Chee Kai Chua
260 ## - PUBLICATION, DISTRIBUTION, ETC. (IMPRINT)
Place of publication, distribution, etc Singapore :
Name of publisher, distributor, etc World Scientific Publishing,
Date of publication, distribution, etc 2025.
300 ## - PHYSICAL DESCRIPTION
Extent xxiii, 254 p.; pbk
440 ## - SERIES STATEMENT/ADDED ENTRY--TITLE
Title World scientific series in 3D printing; v.2
650 ## - SUBJECT ADDED ENTRY--TOPICAL TERM
Topical term or geographic name as entry element 3D printing
650 ## - SUBJECT ADDED ENTRY--TOPICAL TERM
Topical term or geographic name as entry element Laser printing
650 ## - SUBJECT ADDED ENTRY--TOPICAL TERM
Topical term or geographic name as entry element Printing
700 ## - ADDED ENTRY--PERSONAL NAME
Personal name Kim, Young-Jin
700 ## - ADDED ENTRY--PERSONAL NAME
Personal name Matham, Murukeshan Vadakke
942 ## - ADDED ENTRY ELEMENTS (KOHA)
Koha item type Text Books
Holdings
Withdrawn status Lost status Damaged status Not for loan Collection code Home library Location Shelving location Date of Cataloging Source of acquisition Total Checkouts Full call number Barcode Date last seen Price effective from Koha item type
        Non-fiction CUTN Central Library CUTN Central Library Medicine, Technology & Management 29/04/2026 Feel Books, Chennai - Invoice No. BLR/CRB/25-26/549 on 09-02-2026   686.233 CHU 56771 29/04/2026 29/04/2026 Text Books